| 000 | 01283cam a22002054a 4500 | ||
|---|---|---|---|
| 005 | 20250605164040.0 | ||
| 008 | 250528s ||||||||||||||||||||||||d | ||
| 035 | _a16964 | ||
| 020 | _a855642815 | ||
| 040 |
_aGR-AtMCL _bgre _dGR-AtMCL _eAACR2 |
||
| 245 | 1 | _aChildhood and Society in Western Australia | |
| 250 | _a1st | ||
| 260 |
_bUniversity Of Western Australia Press, _c1988 |
||
| 300 | _a218 | ||
| 520 | _aWhile this collection offers an unusual perspective on the Western Australian experience, its approach has relevance and parallels Australia-wide. List of Plates, Introduction, Writing the History of Childhood in Western Australia, The Reconstruction of Childhood, Children of the Poor and Industrious Classes in Western Australia - 1829-1880, Jessie Viner's ''Childhood on the Peel'', The Struggle Against Forgetfulness: Childhood in the Novels of Randolph Stow, Childhood and Environment in a Working-Class Suburb of Perth - 1900-1930, The Socialization of Middle-Class Children in a Perth Suburb - 1910-1940, Preventing the Unfit from Breeding: The Mental Deficiency Bill in Western Australia - 1929, Child Health in the Interwar Years - 1920-1939, Index. | ||
| 700 | 1 |
_aHetherington Penelope _93086 |
|
| 942 | _cBK | ||
| 999 |
_c2407 _d2407 |
||